[Event "Moscow VAO IM 01"]
[Site "Moscow"]
[Date "2015.01.??"]
[Round "13"]
[White "Sattarov, Bobir"]
[Black "Kanevsky, Sergei"]
[Result "1-0"]
[WhiteElo "2243"]
[BlackElo "2131"]
[PlyCount "61"]
[EventDate "2015.01.20"]
[EventType "tourn"]
[EventRounds "13"]
[EventCountry "RUS"]
[EventCategory "3"]
[SourceTitle "EXT 2016"]
[Source "ChessBase"]
[SourceDate "2015.10.08"]
[SourceVersion "1"]
[SourceVersionDate "2015.10.08"]
[SourceQuality "1"]

1. e4 e6 2. d3 d5 3. Nd2 Nf6 4. Ngf3 Be7 5. g3 b5 6. Bg2 Bb7 7. 0-0 c5 8. Re1 b4 9. c3 a5 10. Qe2 dxe4 11. dxe4 Ba6 12. c4 Nc6 13. Nf1 e5 14. Ne3 0-0 15. Nd5 Re8 16. b3 Nd4 17. Nxd4 cxd4 18. Qd3 Bc5 19. f4 Nd7 20. Bd2 f6 21. Kh1 Nb6 22. Re2 Qd6 23. Rg1 Ra7 24. f5 Bb7 25. g4 a4 26. h4 Bxd5 27. exd5 axb3 28. axb3 Ra2 29. Be4 Nd7 30. g5 Kf7 31. g6+ 1-0

[Event "Moscow Itkin Memorial-B"]
[Site "Moscow"]
[Date "2011.08.29"]
[Round "8"]
[White "Kanevsky, Sergei"]
[Black "Dragomarezkij, Evgeni"]
[Result "0-1"]
[WhiteElo "2095"]
[BlackElo "2399"]
[PlyCount "83"]
[EventDate "2011.08.19"]
[EventType "tourn"]
[EventRounds "9"]
[EventCountry "RUS"]
[EventCategory "3"]
[SourceTitle "CBM 144 Extra"]
[Source "ChessBase"]
[SourceDate "2011.10.28"]
[SourceVersion "1"]
[SourceVersionDate "2011.10.28"]
[SourceQuality "1"]

1. e4 c5 2. Nf3 e6 3. d4 cxd4 4. Nxd4 a6 5. c4 Nf6 6. Nc3 Bb4 7. Bd3 Bxc3+ 8. bxc3 d6 9. 0-0 e5 10. Nb3 0-0 11. Ba3 Qc7 12. Qc2 Be6 13. Rfe1 Nbd7 14. Rad1 Rfd8 15. Bf1 Ne8 16. Nd2 Rac8 17. Rb1 h6 18. Qb2 b6 19. h3 Rb8 20. Qc2 Nef6 21. Kh2 Nc5 22. Nb3 Nb7 23. Nd2 Na5 24. Qa4 Nd7 25. Red1 Nc5 26. Qc2 Qc6 27. Bb4 Ncb7 28. Qd3 Rbc8 29. Qe3 Rb8 30. f3 Qc7 31. Ba3 Nc5 32. Bb4 Nc6 33. Ba3 Nd7 34. Nb3 Nf6 35. Rd2 Ne8 36. Rdd1 Ne7 37. Nd2 Qc6 38. Rb4 Qc8 39. Qd3 Qc7 40. Rdb1 Nc6 41. R4b2 Na5 42. Qe3 0-1

[Event "Moscow Itkin Memorial-B"]
[Site "Moscow"]
[Date "2011.08.27"]
[Round "6"]
[White "Kanevsky, Sergei"]
[Black "Granovskiy, Alexandr"]
[Result "1/2-1/2"]
[WhiteElo "2095"]
[BlackElo "2288"]
[PlyCount "102"]
[EventDate "2011.08.19"]
[EventType "tourn"]
[EventRounds "9"]
[EventCountry "RUS"]
[EventCategory "3"]
[SourceTitle "CBM 144 Extra"]
[Source "ChessBase"]
[SourceDate "2011.10.28"]
[SourceVersion "1"]
[SourceVersionDate "2011.10.28"]
[SourceQuality "1"]

1. e4 c5 2. Nf3 d6 3. d4 cxd4 4. Nxd4 Nf6 5. Nc3 a6 6. Bc4 Nbd7 7. Bb3 Nc5 8. f3 e6 9. Be3 Be7 10. Qd2 0-0 11. 0-0-0 Qc7 12. Kb1 b5 13. a3 Rb8 14. g4 Nxb3 15. cxb3 Bd7 16. g5 Ne8 17. Rc1 Qb7 18. Nd1 e5 19. Nc2 Nc7 20. Re1 Rfd8 21. Nb4 a5 22. Nd5 Nxd5 23. exd5 b4 24. a4 Bf5+ 25. Ka2 Rdc8 26. Nf2 Rxc1 27. Rxc1 Rc8 28. Rxc8+ Qxc8 29. Ne4 Qb7 30. h4 g6 31. Qd3 Bd7 32. Nd2 Bd8 33. Nc4 Bc7 34. Qd2 Bf5 35. Bf2 Qa6 36. f4 exf4 37. Qxf4 Qa8 38. Qd4 Qe8 39. Ne3 Bd7 40. Ng4 Bxg4 41. Qxg4 Qd8 42. Bd4 Bb6 43. Bf6 Qf8 44. Qd7 Qb8 45. Be7 Bc7 46. Bf6 Bb6 47. Qc6 Kf8 48. Qd7 Bc7 49. Qe7+ Kg8 50. Qd7 Kf8 51. Qe7+ Kg8 1/2-1/2

[Event "Moscow Itkin Memorial-B"]
[Site "Moscow"]
[Date "2011.08.24"]
[Round "4"]
[White "Kanevsky, Sergei"]
[Black "Sinelnikov, Igor"]
[Result "1-0"]
[WhiteElo "2095"]
[BlackElo "2209"]
[PlyCount "55"]
[EventDate "2011.08.19"]
[EventType "tourn"]
[EventRounds "9"]
[EventCountry "RUS"]
[EventCategory "3"]
[SourceTitle "CBM 144 Extra"]
[Source "ChessBase"]
[SourceDate "2011.10.28"]
[SourceVersion "1"]
[SourceVersionDate "2011.10.28"]
[SourceQuality "1"]

1. e4 d6 2. d4 g6 3. f4 Bg7 4. Nf3 Nf6 5. Nc3 0-0 6. Bd3 Bg4 7. h3 Bxf3 8. Qxf3 Nc6 9. Be3 e5 10. dxe5 dxe5 11. f5 Nd4 12. Qf2 c5 13. g4 h5 14. g5 c4 15. gxf6 Bxf6 16. 0-0-0 cxd3 17. Rxd3 Rc8 18. Kb1 Bh4 19. Qd2 b5 20. Bxd4 exd4 21. Nd5 Bg5 22. Qb4 gxf5 23. Qxd4 fxe4 24. Rg3 f6 25. Rhg1 Kf7 26. Qxe4 Rh8 27. Rxg5 fxg5 28. Qf5+ 1-0

[Event "Moscow Itkin Memorial-B"]
[Site "Moscow"]
[Date "2011.08.19"]
[Round "1"]
[White "Kanevsky, Sergei"]
[Black "Kalinichenko, Oleg"]
[Result "1/2-1/2"]
[WhiteElo "2095"]
[BlackElo "2204"]
[PlyCount "86"]
[EventDate "2011.08.19"]
[EventType "tourn"]
[EventRounds "9"]
[EventCountry "RUS"]
[EventCategory "3"]
[SourceTitle "CBM 144 Extra"]
[Source "ChessBase"]
[SourceDate "2011.10.28"]
[SourceVersion "1"]
[SourceVersionDate "2011.10.28"]
[SourceQuality "1"]

1. e4 e5 2. Nf3 Nc6 3. d4 exd4 4. Nxd4 d6 5. Nc3 Nf6 6. Be2 Be7 7. Be3 0-0 8. h3 Re8 9. Nxc6 bxc6 10. 0-0 Bf8 11. Bd3 Bb7 12. Qd2 c5 13. f3 Nd7 14. Rae1 Nb6 15. b3 Qd7 16. Kh1 c6 17. Qf2 a5 18. a4 Ba6 19. Bxa6 Rxa6 20. Rd1 Qe7 21. Bf4 Qf6 22. Qd2 Raa8 23. Bh2 Rad8 24. Qe3 Rd7 25. Rfe1 Rdd8 26. Rd2 d5 27. Bc7 d4 28. Qe2 Nd7 29. Bxd8 Rxd8 30. Nd1 Bd6 31. Qf2 Bf4 32. Rde2 Qe5 33. Rf1 Nf6 34. Nb2 Be3 35. Nd3 Bxf2 36. Nxe5 Be3 37. Ng4 Nh5 38. Nxe3 Ng3+ 39. Kg1 Nxe2+ 40. Kf2 Ng3 41. Rd1 Nh5 42. Nc4 Nf4 43. Rd2 Rc8 1/2-1/2